Statistics for Space Oddity - David Bowie

Click here to take the quiz!

General Stats

  • This quiz has been taken 5 times
  • The average score is 5 of 9

Answer Stats

Answer% Correct
Space Oddity
100%
Cygnet Committee
60%
God Knows I'm Good
60%
Janine
60%
Letter to Hermione
60%
Unwashed and Somewhat Slightly Dazed
60%
Wild Eyed Boy from Freecloud
60%
An Occasional Dream
40%
Memory of a Free Festival
40%

Score Distribution

Percentile by Number Answered

Percent of People with Each Score

Your Score History

You have not taken this quiz